[Event "Heilbronner SV 1 - SG Schwäbisch Gmünd 1"]
[Site "Oberliga 2019/2020"]
[Date "2019.12.15"]
[Time "10:00:00"]
[Round "5"]
[White "Velicka, Petr"]
[Black "Zuferi, Enis"]
[WhiteElo "2418"]
[BlackElo "2299"]
[WhiteTeam "SG Schwäbisch Gmünd 1"]
[BlackTeam "Heilbronner SV 1"]
[Board "1"]
[Result "1/2-1/2"]

1.Nf3 Nf6 2.c4 c5 3.Nc3 d5 4.cxd5 Nxd5 5.d4 g6 6.dxc5 Nxc3 7.Qxd8+
Kxd8 8.bxc3 Bg7 9.Nd4 Nd7 10.c6 Nc5 11.e3 b6 {(=)} 12.Ba3 Kc7
13.Be2 Bf5 14.O-O Be4 15.Rfd1 Rhd8 16.Bf3 Bxf3 17.gxf3 a6 18.f4
e6 19.Rab1 Ne4 20.Rb3 Rd5 21.c4 Rdd8 22.Be7 Re8 23.c5 Bxd4 24.Rxd4
bxc5 25.Rd7+ Kxc6 26.Rbb7 Rec8 27.f3 Nc3 28.Bf6 Nd5 29.Be5 f6
30.e4 fxe5 31.exd5+ exd5 32.fxe5 c4 33.Kf2 Rab8 34.Ra7 Rb2+ 35.Ke3
Rxa2 36.e6 c3 37.e7 Re8 38.Rd8 d4+ 39.Kxd4 Rd2+ 40.Kxc3 Rdxd8 1/2-1/2

[Event "Heilbronner SV 1 - SG Schwäbisch Gmünd 1"]
[Site "Oberliga 2019/2020"]
[Date "2019.12.15"]
[Time "10:00:00"]
[Round "5"]
[White "Schmidt, Tobias"]
[Black "Jurek, Josef"]
[WhiteElo "2250"]
[BlackElo "2232"]
[WhiteTeam "Heilbronner SV 1"]
[BlackTeam "SG Schwäbisch Gmünd 1"]
[Board "2"]
[Result "1/2-1/2"]

1.e4 e6 2.d4 d5 3.Nd2 Be7 4.e5 c5 5.Qg4 Bf8 6.dxc5 Qc7 7.Ngf3
Nd7 8.Bb5 Qxc5 9.Bd3 Qc7 10.O-O Nc5 11.Nb3 Nxd3 12.cxd3 Ne7 13.Be3
Nf5 14.Rac1 Qd8 15.Bc5 Bxc5 16.Rxc5 O-O 17.Rfc1 Bd7 18.Qb4 Qb6
19.Qc3 Ne7 1/2-1/2

[Event "Heilbronner SV 1 - SG Schwäbisch Gmünd 1"]
[Site "Oberliga 2019/2020"]
[Date "2019.12.15"]
[Time "10:00:00"]
[Round "5"]
[White "Weiss, Andreas"]
[Black "Degenhard, Simon"]
[WhiteElo "2163"]
[BlackElo "2188"]
[WhiteTeam "SG Schwäbisch Gmünd 1"]
[BlackTeam "Heilbronner SV 1"]
[Board "3"]
[Result "0-1"]

1.e4 c5 2.Nf3 d6 3.d4 cxd4 4.Nxd4 Nf6 5.Nc3 a6 6.Be3 e6 7.f3
Be7 8.Qd2 Nc6 9.O-O-O O-O 10.g4 Nxd4 11.Bxd4 b5 12.g5 Nd7 13.h4
Bb7 14.Rg1 Rc8 15.Bh3 b4 16.Ne2 Ne5 17.Bxe5 dxe5 18.Qxd8 Rfxd8
19.Rxd8+ Rxd8 20.Rd1 Rxd1+ 21.Kxd1 g6 22.Nc1 h6 23.Nd3 hxg5 24.hxg5
a5 25.Nxe5 Bxg5 26.Nc4 Bd8 27.b3 f5 28.Kd2 Kg7 29.Ke3 Kf6 30.Bf1
Bc7 31.Bd3 g5 32.exf5 exf5 33.Be2 Bc8 34.a3 g4 35.fxg4 fxg4 36.axb4
axb4 37.Nd2 Ke5 38.Nc4+ Kd5 39.Bd3 g3 40.Be4+ Kc5 41.Kd3 Bf4
42.Ne3 Bxe3 43.Kxe3 Be6 44.Bg6 g2 45.Kf2 Bd5 0-1

[Event "Heilbronner SV 1 - SG Schwäbisch Gmünd 1"]
[Site "Oberliga 2019/2020"]
[Date "2019.12.15"]
[Time "10:00:00"]
[Round "5"]
[White "Pogan, Nikolas"]
[Black "Denisow, Jewgeny"]
[WhiteElo "2216"]
[BlackElo "2131"]
[WhiteTeam "Heilbronner SV 1"]
[BlackTeam "SG Schwäbisch Gmünd 1"]
[Board "4"]
[Result "1-0"]

1.d4 d5 2.c4 e6 3.Nf3 Nf6 4.g3 Be7 5.Bg2 O-O 6.O-O dxc4 7.Ne5
c5 8.dxc5 Qc7 9.Nxc4 Qxc5 10.b3 Rd8 11.Nbd2 Nc6 12.Ba3 Qh5 13.Bxe7
Nxe7 14.e4 Qxd1 15.Rfxd1 Bd7 16.Nd6 Bc6 17.N2c4 Ne8 18.e5 Bxg2
19.Kxg2 Nxd6 20.Nxd6 Rd7 21.Rac1 Nd5 22.Kf3 Rf8 23.Nb5 f6 24.exf6
Rxf6+ 25.Kg2 a6 26.Nc3 h6 27.Ne4 Rf8 28.Rd2 Rfd8 29.Re2 Kf7 30.Nc5
Rc8 31.Rc4 Re7 32.Nxb7 Rxc4 33.Nd6+ Kf6 34.Nxc4 Rd7 35.Rd2 Kf5
36.Kf3 g5 37.Ne3+ Kg6 38.Nxd5 exd5 39.Ke3 Kf5 40.Kd4 Kg4 41.Kc5
Kh3 42.f3 Re7 43.b4 Re3 44.f4 gxf4 45.gxf4 Kg4 46.Rf2 Kf5 47.Kxd5
Ra3 48.Kc4 h5 49.b5 Ra4+ 50.Kc5 Ra5 51.Kb6 Rxb5+ 52.Kxa6 Rb1
53.a4 h4 54.a5 h3 55.Rf3 Kg4 56.Rg3+ Kh4 57.Rf3 Kg4 58.Rg3+ Kh4
59.f5 Rf1 60.Kb6 Rxf5 61.Ra3 Rf6+ 62.Kb5 Rf5+ 63.Kc4 Rf2 64.a6
Rxh2 65.a7 Rc2+ 66.Kd3 Rc8 67.a8Q Rxa8 68.Rxa8 Kg3 69.Ke2 Kg2
70.Rg8+ Kh1 71.Kf3 h2 72.Ra8 1-0

[Event "Heilbronner SV 1 - SG Schwäbisch Gmünd 1"]
[Site "Oberliga 2019/2020"]
[Date "2019.12.15"]
[Time "10:00:00"]
[Round "5"]
[White "Hönick, Andreas"]
[Black "Dudek, Richard"]
[WhiteElo "2102"]
[BlackElo "2163"]
[WhiteTeam "SG Schwäbisch Gmünd 1"]
[BlackTeam "Heilbronner SV 1"]
[Board "5"]
[Result "1/2-1/2"]

1.d4 Nf6 2.c4 e6 3.Nc3 Bb4 4.Qc2 O-O 5.a3 Bxc3+ 6.Qxc3 b6 7.Bg5
h6 8.Bh4 Bb7 9.Nf3 g5 10.Bg3 Ne4 11.Qc2 f5 12.e3 d6 13.Be2 Nd7
14.O-O Qf6 15.c5 bxc5 16.dxc5 Nxg3 17.hxg3 Nxc5 18.b4 Be4 19.Qd1
Nb7 20.Nd2 a5 21.Rc1 Rf7 22.Bh5 Re7 23.Nxe4 fxe4 24.Qc2 Qe5 25.f3
axb4 26.axb4 d5 27.fxe4 dxe4 28.Qf2 Nd6 29.Rc5 Qg7 30.Qc2 Ra1
31.Rxa1 Qxa1+ 32.Kh2 Qe1 33.Qb3 Qf2 34.Bg4 Qf6 35.b5 Kg7 36.b6
cxb6 37.Qxb6 Nf7 38.Qb8 Rd7 39.Qc8 Qd8 40.Bxe6 Qxc8 41.Rxc8 Re7
42.Bxf7 1/2-1/2

[Event "Heilbronner SV 1 - SG Schwäbisch Gmünd 1"]
[Site "Oberliga 2019/2020"]
[Date "2019.12.15"]
[Time "10:00:00"]
[Round "5"]
[White "Tschlatscher, Thomas"]
[Black "Pohl, Walter"]
[WhiteElo "2155"]
[BlackElo "2040"]
[WhiteTeam "Heilbronner SV 1"]
[BlackTeam "SG Schwäbisch Gmünd 1"]
[Board "6"]
[Result "1-0"]

1.Nf3 d5 2.b3 Nc6 3.Bb2 Bg4 4.d4 e6 5.e3 f5 6.Bb5 Nf6 7.h3 Bh5
8.Qd3 Bb4+ 9.c3 Bxf3 10.gxf3 Bd6 11.c4 O-O 12.Bxc6 bxc6 13.Nd2
Bb4 {(=)} 14.Bc3 c5 15.Bxb4 cxb4 16.Rc1 c6 17.Ke2 Qd6 18.cxd5
cxd5 19.Qb5 Rab8 20.Qc6 Rfd8 21.Rhg1 g6 22.Rc5 Qxc6 23.Rxc6 Kf7
24.Rgc1 Ke7 25.Ra6 Nd7 26.Rxa7 Ra8 27.Rcc7 Rxa7 28.Rxa7 Rb8 29.f4
h6 30.Nf3 Kd6 31.Ne5 Nxe5 32.fxe5+ Kc6 33.Re7 Ra8 34.Rxe6+ Kc7
35.Rxg6 Rxa2+ 36.Kf3 Rb2 37.Rxh6 Rxb3 38.Rd6 Rc3 39.Rxd5 Kc6
40.Rd8 Kb7 41.e6 Rc7 42.Rg8 b3 43.Rg1 Kc6 44.Rb1 Rb7 45.Kf4 Rb5
46.d5+ Kxd5 47.Kxf5 Kd6+ 48.Kf6 b2 49.e7 Kd7 50.Rd1+ Ke8 51.Rd8# 1-0

[Event "Heilbronner SV 1 - SG Schwäbisch Gmünd 1"]
[Site "Oberliga 2019/2020"]
[Date "2019.12.15"]
[Time "10:00:00"]
[Round "5"]
[White "Reindl, Arno"]
[Black "Stürmer, Robin"]
[WhiteElo "1995"]
[BlackElo "2256"]
[WhiteTeam "SG Schwäbisch Gmünd 1"]
[BlackTeam "Heilbronner SV 1"]
[Board "7"]
[Result "0-1"]

1.e4 b6 2.d4 Bb7 3.Bd3 e6 4.Qe2 c5 5.d5 Qe7 6.c4 d6 7.Nc3 g6
8.Nh3 Bg7 9.O-O Bxc3 10.bxc3 e5 11.f4 Nd7 12.f5 O-O-O 13.Ng5
h6 14.fxg6 hxg5 15.Rxf7 Qe8 16.Bxg5 Nh6 17.Raf1 Nxf7 18.gxf7
Qf8 19.Qg4 Qg7 20.Be2 Rdf8 21.Bf6 Qxg4 22.Bxg4 Rh7 0-1

[Event "Heilbronner SV 1 - SG Schwäbisch Gmünd 1"]
[Site "Oberliga 2019/2020"]
[Date "2019.12.15"]
[Time "10:00:00"]
[Round "5"]
[White "Wenninger, Patrick"]
[Black "Bader, Gerd"]
[WhiteElo "2040"]
[BlackElo "2000"]
[WhiteTeam "Heilbronner SV 1"]
[BlackTeam "SG Schwäbisch Gmünd 1"]
[Board "8"]
[Result "1/2-1/2"]

1.d4 d6 2.e4 Nf6 3.Nc3 e5 4.Nf3 Nbd7 5.Bc4 Be7 6.O-O O-O 7.Qe2
c6 8.dxe5 dxe5 9.Rd1 Qc7 10.Bg5 b5 11.Bd3 Nc5 12.a4 b4 13.Nb1
Bg4 14.Nbd2 Ne6 15.Be3 Nc5 16.Bg5 h6 17.Bh4 Nh5 18.Bxe7 Qxe7
19.Bc4 Rad8 20.Nf1 Nf4 21.Qe3 Rxd1 22.Rxd1 Nxa4 23.Ra1 Nb6 24.Ba6
Rd8 25.N1d2 Kh7 26.Nc4 Bxf3 27.Qxf3 Nxc4 28.Bxc4 Rd7 29.g3 Nh3+
30.Kg2 Ng5 31.Qe3 Rd4 32.Bd3 Ne6 33.c3 bxc3 34.bxc3 Rd7 35.Bc4
Qc5 36.Bxe6 Qxe3 37.Bf5+ g6 38.fxe3 gxf5 39.exf5 Kg7 40.Ra6 Rd3
41.Rxc6 Rxe3 42.Ra6 Rxc3 43.Rxa7 Rc2+ 44.Kh3 Kf6 45.g4 e4 46.Kg3
e3 47.h4 e2 48.Kf2 Rc4 49.g5+ hxg5 50.hxg5+ Kxf5 51.Rxf7+ 1/2-1/2

[Event "SV Nürtingen 1 - SF Deizisau 2"]
[Site "Oberliga 2019/2020"]
[Date "2019.12.15"]
[Time "10:00:00"]
[Round "5"]
[White "Dabo-Peranic, Robert"]
[Black "Weigand, Bernhard"]
[WhiteElo "2322"]
[BlackElo "2195"]
[WhiteTeam "SF Deizisau 2"]
[BlackTeam "SV Nürtingen 1"]
[Board "1"]
[Result "0-1"]

1.d4 Nf6 2.c4 c5 3.d5 e6 4.Nc3 exd5 5.cxd5 d6 6.e4 g6 7.f4 Bg7
8.Bb5+ Nfd7 9.Be2 O-O 10.Nf3 Na6 11.O-O Nc7 12.Nd2 Re8 13.Nc4
Nb6 14.Re1 Nxc4 15.Bxc4 Rb8 16.a4 b6 17.e5 Ba6 18.Bb5 Bxb5 19.axb5
Ra8 20.Qd3 dxe5 21.d6 exf4 22.Bxf4 Ne6 23.Bg3 Qd7 24.Nd5 Rad8
25.Qa3 Qxb5 26.Qxa7 Rd7 27.Qxb6 Qxb2 28.Qc6 Red8 29.Ra8 Bd4+
30.Kh1 Rxa8 31.Qxa8+ Rd8 32.Qa5 Rf8 33.Nc7 Bc3 34.Qb5 Qxb5 35.Nxb5
Bxe1 36.Bxe1 Rb8 37.Nc3 f5 38.Kg1 Rb6 39.Bg3 f4 40.Be1 Rxd6 41.Kf2
Rd3 42.Ke2 c4 43.Bd2 Nd4+ 44.Ke1 Nb3 0-1

[Event "SV Nürtingen 1 - SF Deizisau 2"]
[Site "Oberliga 2019/2020"]
[Date "2019.12.15"]
[Time "10:00:00"]
[Round "5"]
[White "Mehne, Claudius"]
[Black "Köllner, Ruben Gideon"]
[WhiteElo "2179"]
[BlackElo "2307"]
[WhiteTeam "SV Nürtingen 1"]
[BlackTeam "SF Deizisau 2"]
[Board "2"]
[Result "1-0"]

1.Nf3 Nf6 2.g3 d5 3.Bg2 Nbd7 4.d4 e6 5.O-O b5 6.a4 b4 7.c4 bxc3
8.Nxc3 c5 9.Bf4 a6 10.a5 Bb7 11.Na4 Rc8 12.Ne5 Nxe5 13.Bxe5 Nd7
14.Bf4 Be7 15.Qb3 Bc6 16.Nxc5 Nxc5 17.dxc5 Bxc5 18.Qc3 Bf8 19.Rac1
f6 20.e4 e5 21.Bxe5 fxe5 22.Qxe5+ Qe7 23.Qf5 Qd7 24.Qe5+ Kf7
25.exd5 Bb7 26.Qe6+ Qxe6 27.dxe6+ Kxe6 28.Bh3+ Kf6 29.Bxc8 Bxc8
30.Rxc8 1-0

[Event "SV Nürtingen 1 - SF Deizisau 2"]
[Site "Oberliga 2019/2020"]
[Date "2019.12.15"]
[Time "10:00:00"]
[Round "5"]
[White "Fischer, Sebastian"]
[Black "Mareck, Sascha"]
[WhiteElo "2246"]
[BlackElo "2106"]
[WhiteTeam "SF Deizisau 2"]
[BlackTeam "SV Nürtingen 1"]
[Board "3"]
[Result "1/2-1/2"]

1.d4 Nf6 2.Nf3 g6 3.Bg5 Ne4 4.Bh4 c5 5.c3 Qb6 6.Nbd2 d5 7.e3
Bg7 8.Nxe4 dxe4 9.Nd2 Qxb2 10.Nxe4 cxd4 11.Rb1 Qa3 12.Bb5+ Nc6
13.O-O O-O 14.cxd4 Bf5 15.Bd3 1/2-1/2

[Event "SV Nürtingen 1 - SF Deizisau 2"]
[Site "Oberliga 2019/2020"]
[Date "2019.12.15"]
[Time "10:00:00"]
[Round "5"]
[White "Aring, Gerd"]
[Black "Bronznik, Valerij"]
[WhiteElo "2155"]
[BlackElo "2228"]
[WhiteTeam "SV Nürtingen 1"]
[BlackTeam "SF Deizisau 2"]
[Board "4"]
[Result "1/2-1/2"]

1.d4 Nf6 2.Nf3 e6 3.c4 c5 4.e3 a6 5.Nc3 d5 6.a3 dxc4 7.Bxc4 b5
8.Be2 Bb7 9.O-O Nbd7 10.dxc5 Bxc5 11.b4 Be7 12.Bb2 O-O 13.Rc1
Rc8 14.Qb3 Qb6 15.Rfd1 Rfd8 16.Rd4 Qa7 17.Rcd1 Qb8 18.a4 bxa4
19.Nxa4 Bd5 20.Bc4 Bxc4 21.Rxc4 Rxc4 22.Qxc4 Qb5 23.Qxb5 axb5
24.Bxf6 Nxf6 25.Rxd8+ 1/2-1/2

[Event "SV Nürtingen 1 - SF Deizisau 2"]
[Site "Oberliga 2019/2020"]
[Date "2019.12.15"]
[Time "10:00:00"]
[Round "5"]
[White "Gustain, Marc"]
[Black "Auch, Stefan"]
[WhiteElo "2159"]
[BlackElo "2013"]
[WhiteTeam "SF Deizisau 2"]
[BlackTeam "SV Nürtingen 1"]
[Board "5"]
[Result "1/2-1/2"]

1.e4 d5 2.exd5 Qxd5 3.Nc3 Qd8 4.d4 Nf6 5.Nf3 a6 6.Bg5 h6 7.Bxf6
exf6 8.Bd3 Be7 9.Qe2 O-O 10.O-O-O c6 11.d5 Qc7 12.Rhe1 Qf4+ 13.Kb1
Bd8 14.Nd2 f5 15.g3 Qb4 16.a3 Qc5 17.Nb3 Qa7 18.dxc6 Nxc6 19.Qf3
g6 20.h4 h5 21.Qf4 Kg7 22.Nd5 Be6 1/2-1/2

[Event "SV Nürtingen 1 - SF Deizisau 2"]
[Site "Oberliga 2019/2020"]
[Date "2019.12.15"]
[Time "10:00:00"]
[Round "5"]
[White "Gold, Stefan"]
[Black "Gheng, Dominik"]
[WhiteElo "2013"]
[BlackElo "2105"]
[WhiteTeam "SV Nürtingen 1"]
[BlackTeam "SF Deizisau 2"]
[Board "6"]
[Result "1/2-1/2"]

1.d4 d5 2.Nf3 Nf6 3.e3 e6 4.Bd3 Be7 5.Nbd2 O-O 6.O-O b6 7.b3
Bb7 8.Bb2 Ne4 9.a3 Nd7 10.Ne5 Rc8 11.f4 f5 12.Nxd7 Qxd7 13.Nf3
Rfd8 14.Qe2 c5 15.Ne5 Qc7 16.Rac1 Bf6 17.c4 Qe7 18.Rfd1 g5 19.Bxe4
dxe4 20.g3 Bxe5 21.dxe5 1/2-1/2

[Event "SV Nürtingen 1 - SF Deizisau 2"]
[Site "Oberliga 2019/2020"]
[Date "2019.12.15"]
[Time "10:00:00"]
[Round "5"]
[White "Rempeli, Alex"]
[Black "Kill, Matthias"]
[WhiteElo "2092"]
[BlackElo "2011"]
[WhiteTeam "SF Deizisau 2"]
[BlackTeam "SV Nürtingen 1"]
[Board "7"]
[Result "1-0"]

1.d4 g6 2.c4 Bg7 3.Nc3 d6 4.e4 Nf6 5.h3 O-O 6.Nf3 e5 7.d5 Nh5
8.g3 f5 9.exf5 gxf5 10.Nh4 Nf4 11.Bd2 Na6 12.a3 Nc5 13.Qc2 a5
14.O-O-O Bd7 15.Rg1 Ng6 16.Nxg6 hxg6 17.Be3 b6 18.f3 e4 19.fxe4
fxe4 20.Bg2 Nd3+ 21.Kb1 Ne5 22.Nxe4 b5 23.cxb5 Bxb5 24.Nc3 Nc4
25.Bd4 Bd7 26.g4 Rb8 27.Qxg6 Rf7 28.Rgf1 Rxb2+ 29.Kc1 Re7 30.Be4 1-0

[Event "SC Böblingen 1 - SK Schmiden/Cannstatt 1"]
[Site "Oberliga 2019/2020"]
[Date "2019.12.15"]
[Time "10:00:00"]
[Round "5"]
[White "Trachtmann, Mark"]
[Black "Kuklin, Valentin"]
[WhiteElo "2253"]
[BlackElo "2335"]
[WhiteTeam "SK Schmiden/Cannstatt 1"]
[BlackTeam "SC Böblingen 1"]
[Board "1"]
[Result "1/2-1/2"]

1.d4 Nf6 2.c4 c5 3.d5 e6 4.Nc3 exd5 5.cxd5 d6 6.e4 g6 7.f4 Bg7
8.Bb5+ Nfd7 9.Bd3 Qh4+ 10.g3 Qd8 11.Nf3 O-O 12.O-O Nb6 13.Kg2
Bg4 14.h3 Bxf3+ 15.Qxf3 Na6 16.a4 Nb4 17.Bb1 a6 18.g4 {(=)} Re8
19.g5 Nc4 20.h4 Qd7 21.h5 Na5 22.Ra3 Nc4 23.Ra1 Na5 24.Ra3 1/2-1/2

[Event "SC Böblingen 1 - SK Schmiden/Cannstatt 1"]
[Site "Oberliga 2019/2020"]
[Date "2019.12.15"]
[Time "10:00:00"]
[Round "5"]
[White "Ortmann, David"]
[Black "Holzhäuer, Mathias"]
[WhiteElo "2339"]
[BlackElo "2178"]
[WhiteTeam "SC Böblingen 1"]
[BlackTeam "SK Schmiden/Cannstatt 1"]
[Board "2"]
[Result "1-0"]

1.Nf3 Nf6 2.c4 Nc6 3.d4 e6 4.a3 d6 5.Nc3 g6 6.e4 Bg7 7.Be2 O-O
8.O-O Re8 9.h3 e5 10.dxe5 dxe5 11.Bg5 Nd4 12.b4 h6 13.Be3 Nh5
14.Nb5 Nxe2+ 15.Qxe2 Nf4 16.Qd2 Bf6 17.Qxd8 Bxd8 18.Rfd1 c6 19.Nd6
Rf8 20.Nxe5 g5 21.Nexf7 Bf6 22.e5 Bg7 23.Nxc8 Raxc8 24.Bxf4 gxf4
25.Nd6 Rc7 26.Re1 Re7 27.Ra2 b6 28.Rae2 f3 29.Re4 Re6 30.c5 h5
31.R1e3 Rg6 32.g3 Re6 33.g4 Bh6 34.Rd3 Bg7 35.Nf5 Bxe5 36.Rde3
Rfe8 37.Nd6 R8e7 38.gxh5 Rg7+ 39.Kh1 bxc5 40.bxc5 Bxd6 41.Rxe6
Bxc5 42.Rxf3 1-0

[Event "SC Böblingen 1 - SK Schmiden/Cannstatt 1"]
[Site "Oberliga 2019/2020"]
[Date "2019.12.15"]
[Time "10:00:00"]
[Round "5"]
[White "Niklasch, Oliver"]
[Black "Tran, Thanh Kien"]
[WhiteElo "2229"]
[BlackElo "2138"]
[WhiteTeam "SK Schmiden/Cannstatt 1"]
[BlackTeam "SC Böblingen 1"]
[Board "3"]
[Result "1/2-1/2"]

1.c4 g6 2.d4 Nf6 3.Nc3 d5 4.cxd5 Nxd5 5.e4 Nxc3 6.bxc3 Bg7 7.Bc4
c5 8.Ne2 Nc6 9.Be3 O-O 10.O-O Qc7 11.Rc1 Rd8 12.Qd2 b6 13.Rfd1
Bb7 14.Bh6 Na5 15.Bd3 cxd4 16.Bxg7 Kxg7 17.cxd4 Qd7 18.d5 Rac8
19.Nd4 Rxc1 20.Qxc1 Rc8 21.Qb2 Kg8 22.h3 Qa4 23.Rd2 Nc4 24.Bxc4
Qxc4 25.Rc2 Qd3 26.Rxc8+ Bxc8 27.f3 1/2-1/2

[Event "SC Böblingen 1 - SK Schmiden/Cannstatt 1"]
[Site "Oberliga 2019/2020"]
[Date "2019.12.15"]
[Time "10:00:00"]
[Round "5"]
[White "Vujic, Branimir"]
[Black "Krockenberger, Martin"]
[WhiteElo "2249"]
[BlackElo "2149"]
[WhiteTeam "SC Böblingen 1"]
[BlackTeam "SK Schmiden/Cannstatt 1"]
[Board "4"]
[Result "0-1"]

1.d4 Nf6 2.Bf4 g6 3.Nc3 d6 4.e4 c6 5.Qd2 b5 6.f3 Nbd7 7.Bh6 Bxh6
8.Qxh6 Qa5 9.Nh3 Nb6 10.Qd2 Bxh3 11.gxh3 O-O 12.Bd3 Qb4 13.O-O-O
Qxd4 14.Qh6 Qe5 15.Qe3 b4 16.f4 Qa5 17.Ne2 c5 18.e5 Nfd5 19.Qf3
dxe5 20.Be4 e6 21.Kb1 Rab8 22.Bxd5 Nxd5 23.fxe5 c4 24.Rhf1 c3
25.Nf4 b3 26.axb3 Nb4 27.Qxc3 Rbc8 0-1

[Event "SC Böblingen 1 - SK Schmiden/Cannstatt 1"]
[Site "Oberliga 2019/2020"]
[Date "2019.12.15"]
[Time "10:00:00"]
[Round "5"]
[White "Löhr, Markus"]
[Black "Schuh, Karsten"]
[WhiteElo "2108"]
[BlackElo "2181"]
[WhiteTeam "SK Schmiden/Cannstatt 1"]
[BlackTeam "SC Böblingen 1"]
[Board "5"]
[Result "1-0"]

1.d4 f5 2.g3 Nf6 3.Bg2 g6 4.Nf3 Bg7 5.O-O O-O 6.b4 Nc6 7.c3 d5
8.Bf4 Ne4 9.Qc2 Be6 10.Nbd2 h6 11.Ne5 Nxe5 12.Bxe5 Bxe5 13.dxe5
Nxd2 14.Qxd2 Kg7 15.Rfd1 c6 16.b5 Qc7 17.bxc6 bxc6 18.Qd4 Rfb8
19.Rab1 Qa5 20.a4 Rb6 21.h4 Rab8 22.Rxb6 axb6 23.Rb1 c5 24.Qd3
c4 25.Qd4 Qxa4 26.Rxb6 Rxb6 27.Qxb6 Kf7 28.Qd4 Qa5 {Es gibt hier keine Auskunft, ob Zeitüberschreitung oder etwas anderes vorlag}
 1-0

[Event "SC Böblingen 1 - SK Schmiden/Cannstatt 1"]
[Site "Oberliga 2019/2020"]
[Date "2019.12.15"]
[Time "10:00:00"]
[Round "5"]
[White "Bauer, Peter"]
[Black "Thoma, Christian"]
[WhiteElo "2124"]
[BlackElo "2156"]
[WhiteTeam "SC Böblingen 1"]
[BlackTeam "SK Schmiden/Cannstatt 1"]
[Board "6"]
[Result "1-0"]

1.e4 c5 2.Nf3 d6 3.d4 cxd4 4.Nxd4 Nf6 5.Nc3 a6 6.Bg5 e6 7.Bc4
Be7 8.Bb3 O-O 9.Qd2 b5 10.f3 Bd7 11.a3 Nc6 12.Nxc6 Bxc6 13.h4
a5 14.Ne2 Qc7 15.O-O-O Rfc8 16.Kb1 a4 17.Ba2 b4 18.axb4 a3 19.b3
Bxe4 20.fxe4 Nxe4 21.Qd3 Nf2 22.Qc4 Qb7 23.Qd4 Nxh1 24.Bxe7 Qxe7
25.Rxh1 d5 26.c3 Qd6 27.Rd1 Rd8 28.Ka1 Qh2 29.Bb1 e5 30.Qg4 g6
31.Ka2 d4 32.c4 Rf8 33.Be4 f5 34.Bd5+ Kh8 35.Qg3 Qxg3 36.Nxg3
Rad8 37.Kxa3 f4 38.Ne4 f3 39.gxf3 Rf4 40.Ng5 Re8 41.b5 h6 42.Nf7+
Kg7 43.Nd6 Rd8 44.c5 Rxh4 45.c6 Ra8+ 46.Kb4 d3+ 47.Kc5 1-0

[Event "SC Böblingen 1 - SK Schmiden/Cannstatt 1"]
[Site "Oberliga 2019/2020"]
[Date "2019.12.15"]
[Time "10:00:00"]
[Round "5"]
[White "Eisele, Steffen"]
[Black "Schröter, Samuel"]
[WhiteElo "2195"]
[BlackElo "2138"]
[WhiteTeam "SK Schmiden/Cannstatt 1"]
[BlackTeam "SC Böblingen 1"]
[Board "7"]
[Result "1-0"]

1.e4 g6 2.d4 Bg7 3.Nc3 c5 4.d5 d6 5.Bf4 Na6 6.Nf3 Nc7 7.a4 b6
8.Be2 a6 9.O-O Nf6 10.Qd2 O-O 11.Rfe1 Re8 12.h3 Nd7 13.Rad1 Rb8
14.Bf1 b5 15.e5 b4 16.Ne4 dxe5 17.Bg5 f6 18.d6 Ne6 19.Bc4 Nb6
20.d7 Bxd7 21.Qxd7 Nxd7 22.Bxe6+ Kh8 23.Bxd7 Rf8 24.Be3 c4 25.Nc5
Qa5 26.Rd5 e6 27.Bxe6 Rfd8 28.Nd7 Qxa4 29.Nxb8 Rxd5 30.Bxd5 Qb5
31.Rd1 Qxb8 32.Bxc4 e4 33.Nd4 Bf8 34.Nc6 Qc7 35.Rd8 Kg7 36.Bd5
Be7 37.Rg8# 1-0

[Event "SC Böblingen 1 - SK Schmiden/Cannstatt 1"]
[Site "Oberliga 2019/2020"]
[Date "2019.12.15"]
[Time "10:00:00"]
[Round "5"]
[White "Seitz, Patrick"]
[Black "Scheeff, Volker"]
[WhiteElo "2122"]
[BlackElo "2049"]
[WhiteTeam "SC Böblingen 1"]
[BlackTeam "SK Schmiden/Cannstatt 1"]
[Board "8"]
[Result "1-0"]

1.e4 e6 2.d4 d5 3.Nd2 Be7 4.c3 c5 5.exd5 Qxd5 6.Ngf3 cxd4 7.Bc4
Qd6 8.Ne4 Qc7 9.Qxd4 Nf6 10.Bg5 Nc6 11.Bb5 Bd7 12.Bxc6 Qxc6 13.Bxf6
gxf6 14.O-O-O O-O-O 15.Nxf6 Bxf6 16.Qxf6 Qa4 17.Kb1 Bc6 18.Rd4
Be4+ 19.Ka1 Qc2 20.Qxf7 Bd5 21.Rhd1 Kb8 22.Ne5 Rc8 23.Qf4 Ka8
24.Rc1 Qe2 25.Ra4 Rhf8 26.Qd4 a6 27.f4 Qb5 28.Rb4 Qa5 29.a3 Qc7
30.g3 h5 31.c4 Bc6 32.Rb6 Rfd8 33.Qc5 Bd5 34.Qa5 Ka7 35.c5 h4
36.Qb4 Bc6 37.Nxc6+ bxc6 38.Qa5 1-0

[Event "TSV Schönaich 2 - SV Jedesheim 1"]
[Site "Oberliga 2019/2020"]
[Date "2019.12.15"]
[Time "10:00:00"]
[Round "5"]
[White "Pikula, Dejan"]
[Black "Kölle, Tobias"]
[WhiteElo "2439"]
[BlackElo "2263"]
[WhiteTeam "SV Jedesheim 1"]
[BlackTeam "TSV Schönaich 2"]
[Board "1"]
[Result "1/2-1/2"]

1.d4 d5 2.Nf3 Nf6 3.e3 Nbd7 4.Bd3 g6 5.O-O Bg7 6.Nbd2 O-O 7.e4
dxe4 8.Nxe4 Nxe4 9.Bxe4 c5 10.c3 cxd4 11.Nxd4 Nc5 12.Bf3 e5 13.Nb3
Nd3 14.Be4 Nxc1 15.Rxc1 Qc7 16.Qd5 Rd8 17.Qb5 a6 18.Qc5 Qxc5
19.Nxc5 f5 20.Nxb7 Rd7 21.Bc6 Rxb7 22.Rcd1 Rbb8 23.Rd8+ Kf7 24.Bxa8
Rxa8 25.Rfd1 Bf6 26.R1d7+ Ke6 27.Rd6+ Kf7 28.R6d7+ Ke6 1/2-1/2

[Event "TSV Schönaich 2 - SV Jedesheim 1"]
[Site "Oberliga 2019/2020"]
[Date "2019.12.15"]
[Time "10:00:00"]
[Round "5"]
[White "Buschle, Lukas"]
[Black "Anistratov, Dmitriy"]
[WhiteElo "2114"]
[BlackElo "2240"]
[WhiteTeam "TSV Schönaich 2"]
[BlackTeam "SV Jedesheim 1"]
[Board "4"]
[Result "1/2-1/2"]

1.d4 d6 2.c4 Nf6 3.Nc3 Nbd7 4.e4 c6 5.Be2 e5 6.Nf3 Be7 7.O-O
a6 8.a4 a5 9.Qd3 O-O 10.Bg5 h6 11.Bh4 Nh5 12.Bxe7 Qxe7 13.g3
Nhf6 14.Rfe1 Re8 15.Bf1 Nf8 16.d5 Rd8 17.Nh4 Qc7 18.Nf5 Bxf5
19.exf5 N8d7 20.Rad1 Nc5 21.Qe3 Qb6 22.Bg2 Rac8 23.Qe2 Qb4 24.g4
Nxa4 25.Nxa4 Qxa4 26.dxc6 bxc6 27.h4 Nh7 28.Rd3 Qxc4 29.Rxd6
Qb4 30.Rxd8+ Rxd8 31.Qxe5 Qxg4 32.Qxa5 Rf8 33.Re4 Qd1+ 34.Qe1
Qd7 35.Qc3 Nf6 36.Re1 Rc8 37.Qf3 Qd4 38.Rc1 c5 39.Qe3 Qxb2 40.Rxc5
Qa1+ 41.Bf1 Re8 42.Qc3 Qd1 43.Qd3 Qg4+ 44.Qg3 Qd4 45.Rc4 Qa1
46.Qc3 Qb1 47.Qd3 Qb7 48.Qc3 Qb8 49.Qg3 Qb6 50.Qf3 Qa5 51.Kg2
h5 52.Rc6 Qe5 53.Rc4 Ng4 54.Qf4 Qd5+ 55.Kg1 Qd8 56.Qg3 Qf6 57.Rc5
Kh7 58.Kg2 Qe7 59.Rc4 Kg8 60.Rd4 Qf6 61.Rd5 Qc6 62.Qf3 Nf6 63.Bb5
Qa8 64.Rc5 Qa7 65.Bxe8 Qxc5 66.Bc6 Qc4 67.Kg3 Qd4 68.Bb7 Ng4
69.Kg2 Qe5 70.Qg3 Qxf5 71.Bf3 Ne5 72.Bb7 g6 73.Qg5 Qxg5+ 74.hxg5
Kf8 75.f4 Nd3 76.Kf3 Ke7 77.Be4 Nc5 78.Bb1 Ne6 79.Ba2 Nd4+ 80.Ke4
Nb5 81.Ke5 Nd6 82.Bd5 h4 83.Bg2 Nf5 84.Bh3 Ng3 85.Bg4 Kf8 86.Kd4
Ke7 87.Bh3 Kd6 88.Ke3 Nf5+ 89.Ke4 Ng7 90.Kf3 Kd5 91.Ke3 Nf5+
92.Kd3 Nd6 93.Bg2+ Kc5 94.Bh3 Nf5 95.Ke4 Kd6 96.Bg2 Ne7 97.Bh3
Nc6 98.f5 Ne5 99.fxg6 fxg6 100.Bf1 Nc6 101.Kf4 Ne7 102.Kg4 Ke5
103.Bd3 h3 104.Kxh3 Kf4 105.Bxg6 1/2-1/2

[Event "TSV Schönaich 2 - SV Jedesheim 1"]
[Site "Oberliga 2019/2020"]
[Date "2019.12.15"]
[Time "10:00:00"]
[Round "5"]
[White "Reck, Moritz"]
[Black "Bossinger, Patrick"]
[WhiteElo "2105"]
[BlackElo "2029"]
[WhiteTeam "TSV Schönaich 2"]
[BlackTeam "SV Jedesheim 1"]
[Board "6"]
[Result "1-0"]

1.e4 c5 2.Nc3 a6 3.g3 b5 4.Bg2 Bb7 5.d3 g6 6.Be3 d6 7.Qd2 Bg7
8.f4 b4 9.Nd1 Nc6 10.Nf3 Nf6 11.h3 e6 12.O-O O-O 13.g4 Nd7 14.f5
Nce5 15.Nxe5 Bxe5 16.Bh6 Bg7 17.Bg5 Bf6 18.Bxf6 Nxf6 19.g5 Nd7
20.f6 e5 21.Ne3 Qc7 22.Qf2 Rfb8 23.Nc4 Kh8 24.h4 Rg8 25.h5 Nf8
26.Qh4 Bc8 27.Rf3 Ne6 28.hxg6 Rxg6 29.Rg3 Nf4 30.Kf2 Qd8 31.Rh1
Qg8 32.Nxd6 Be6 33.Nf5 Re8 34.Bh3 Bd7 35.Bf1 Ne6 36.Ne7 Rxe7
37.fxe7 Nxg5 38.Be2 f6 39.Bg4 Be8 40.Bf5 Rg7 41.Ke2 Qf7 42.Rf1
Qxe7 43.Rg2 Bg6 44.Rh2 Bxf5 45.Rxf5 Rg6 46.Qh5 Qg7 47.Rf1 Ne6
48.Kd2 Nf4 49.Qf5 h6 50.Qc8+ Kh7 51.Qxc5 Ne6 52.Qf2 Nd4 53.c3
bxc3+ 54.bxc3 Ne6 55.Qf5 Nf4 56.Rxf4 exf4 57.Rg2 Qf7 58.c4 Kg7
59.Rxg6+ Qxg6 60.Qxg6+ Kxg6 61.c5 Kf7 62.Ke2 Ke6 63.Kf3 f5 64.Kxf4
fxe4 65.Kxe4 h5 66.d4 h4 67.d5+ Kf6 68.Kf4 h3 69.Kg3 Ke5 70.d6
h2 71.Kxh2 1-0

[Event "TSV Schönaich 2 - SV Jedesheim 1"]
[Site "Oberliga 2019/2020"]
[Date "2019.12.15"]
[Time "10:00:00"]
[Round "5"]
[White "Büchele, Johannes"]
[Black "Schnadt, Florian"]
[WhiteElo "1961"]
[BlackElo "2046"]
[WhiteTeam "SV Jedesheim 1"]
[BlackTeam "TSV Schönaich 2"]
[Board "7"]
[Result "1-0"]

1.d4 d5 2.c4 c6 3.Nc3 Nf6 4.e3 e6 5.Nf3 Nbd7 6.Bd3 Bd6 7.O-O
O-O 8.e4 dxe4 9.Nxe4 Nxe4 10.Bxe4 f5 11.Bc2 e5 12.Ng5 Qf6 13.c5
Bb8 14.Bb3+ Kh8 15.Nxh7 1-0